Jennie de A à Z - Statistiques

Statistiques générales
  • Ce quiz a été pris 48 fois
    43 depuis la dernière actualisation
  • Le résultat moyen est 8 sur 12
Statistiques - réponses
Lettre Titres % Correct
L like JENNIE/Love Hangover
100%
S Seoul City/Starlight/SOLO/start a war
88%
Z ZEN
85%
M Mantra
71%
F F.T.S./Filter
68%
D Damn Right
62%
E ExtraL
62%
Y You & Me
53%
W with the IE
50%
H Handlebars
47%
T twin
44%
O One of the Girls
38%
Aucun quiz correspondant
Distribution des résultats
% des personnes avec chaque résultat
Percentile par nombre de réponses
Votre historique - résultats
Vous n’avez pas pris ce quiz depuis la dernière actualisation